<?xml version="1.0" encoding="UTF-8"?>
<collection xmlns="http://www.loc.gov/MARC21/slim">
 <record>
  <leader>01633ngm a22002655g 4500</leader>
  <controlfield tag="001">CEM.cems023314</controlfield>
  <controlfield tag="008">130507s2011##################0###0#####d</controlfield>
  <controlfield tag="005">20250305160620.0</controlfield>
  <datafield tag="245" ind1="1" ind2="0">
   <subfield code="a">La amistad /</subfield>
   <subfield code="c">Darío Sztajnszrajber.</subfield>
  </datafield>
  <datafield tag="260" ind1=" " ind2=" ">
   <subfield code="a">Argentina :</subfield>
   <subfield code="b">Canal Encuentro,</subfield>
   <subfield code="c">2011.</subfield>
  </datafield>
  <datafield tag="300" ind1=" " ind2=" ">
   <subfield code="a">28'.</subfield>
  </datafield>
  <datafield tag="490" ind1="0" ind2=" ">
   <subfield code="a">Mentira La Verdad</subfield>
  </datafield>
  <datafield tag="520" ind1=" " ind2=" ">
   <subfield code="a">Estamos acostumbrados a tener una particular mirada sobre el mundo y, en ocasiones, nuestra forma de pensar nos parece inobjetable. Sin embargo, ¿qué sustenta nuestras ideas? ¿Hay una sola forma de pensar la realidad o el estado de las cosas? Con el discurso filosófico como aliado, Darío Sztajnszrajber desarrolla, problematiza y pone en tensión diferentes supuestos sobre la historia, la belleza, el amor, la felicidad, la identidad y otros temas. Mentira la verdad, un programa hecho para jóvenes, pero para consumir a toda edad; una propuesta para reflexionar sobre lo que respalda nuestros juicios de valor, pero también para pensar las razones que, a lo largo de los años, han hecho visibles algunos hechos sobre otros y han sustentado las historias que nos cuentan sobre un país, una región, una sociedad.</subfield>
  </datafield>
  <datafield tag="538" ind1=" " ind2=" ">
   <subfield code="a">Soporte: DVD - Color: Si - Grabación DRD.</subfield>
  </datafield>
  <datafield tag="590" ind1=" " ind2=" ">
   <subfield code="a">Identificación anterior registrada en SIABUC: D116A</subfield>
  </datafield>
  <datafield tag="500" ind1=" " ind2=" ">
   <subfield code="a">Consultar en ventanilla.</subfield>
  </datafield>
  <datafield tag="100" ind1="1" ind2=" ">
   <subfield code="a">Sztajnszrajber, Darío</subfield>
  </datafield>
  <datafield tag="082" ind1="1" ind2="0">
   <subfield code="/">SZT-1</subfield>
  </datafield>
  <datafield tag="653" ind1=" " ind2=" ">
   <subfield code="a">FILOSOFIA</subfield>
  </datafield>
  <datafield tag="653" ind1=" " ind2=" ">
   <subfield code="a">MENTIRA LA VERDAD</subfield>
  </datafield>
  <datafield tag="653" ind1=" " ind2=" ">
   <subfield code="a">PENSAMIENTO</subfield>
  </datafield>
  <datafield tag="653" ind1=" " ind2=" ">
   <subfield code="a">AMISTAD</subfield>
  </datafield>
  <datafield tag="653" ind1=" " ind2=" ">
   <subfield code="a">SOCIEDAD</subfield>
  </datafield>
  <datafield tag="653" ind1=" " ind2=" ">
   <subfield code="a">SERIE DE TELEVISIÓN</subfield>
  </datafield>
  <datafield tag="859" ind1=" " ind2=" ">
   <subfield code="a">CEMS</subfield>
   <subfield code="b">BIB. CEMS - Depto. Recursos Didacticos</subfield>
   <subfield code="h">100</subfield>
   <subfield code="i">SZT-1</subfield>
   <subfield code="k">DRD</subfield>
   <subfield code="p">1957.15</subfield>
   <subfield code="t">Ej.1</subfield>
  </datafield>
 </record>
</collection>
